Biggest Chinese Cities Starting with B - Statistics

General Stats
  • This quiz has been taken 15 times
  • The average score is 7 of 20
Answer Stats
Population Province City % Correct
18,960,744 Beijing Beijing
100%
1,940,384 Hebei Baoding
73%
2,104,114 Inner Mongolia Baotou
73%
1,107,702 Shaanxi Baoji
53%
651,091 Guangxi Beihai
53%
808,221 Liaoning Benxi
53%
1,077,704 Anhui Bengbu
47%
413,117 Inner Mongolia Bayannur
27%
608,152 Sichuan Bazhong
27%
646,461 Shandong Binzhou
27%
750,569 Anhui Bozhou
27%
458,804 Jiangsu Binhai
20%
391,839 Jiangsu Baoying
13%
573,761 Guangxi Beiliu
13%
695,174 Guizhou Bijie
13%
535,680 Chongqing Bishan
13%
455,923 Hebei Bazhou
7%
599,279 Guangxi Bobai
7%
712,593 Guangdong Boluo
7%
434,542 Liaoning Bayuquan
0%
No matching quizzes found
Score Distribution
Percent of People with Each Score
Percentile by Number Answered
Your Score History
You have not taken this quiz